| 000 | 00584nam a2200205 i 4500 | ||
|---|---|---|---|
| 001 | 11604 | ||
| 003 | ES-MaACL | ||
| 005 | 20230906150133.0 | ||
| 007 | t| | ||
| 008 | 940117s1993 sp |||| | spa d | ||
| 020 | _a84-7016-861-4 | ||
| 080 | _a681.31:351.824.1(460) | ||
| 080 | _a351.824.1(460):681.31 | ||
| 100 | 1 |
_aDavara, Miguel Angel. _942854 |
|
| 245 | 1 | 0 |
_aDerecho informático / _cMiguel Ángel Davara Rodríguez. |
| 260 |
_aPamplona : _bAranzadi, _cD.L. 1993. |
||
| 300 |
_a414 p. ; _c24 cm. |
||
| 650 | 1 | 4 |
_aInformática- _xDerecho. _9152941 |
| 852 |
_aES-MaACL _jL-18985 |
||
| 999 |
_c11604 _d11604 |
||